000 01007nac a22003017a 4500
001 BR8302115
003 BR-BrBNA
005 20240105115707.0
008 230509b bl.|||m| |||| 00| 0 por d
040 _aBR-BrBNA
_bpor
_cBiblioteca Nacional de Agricultura
072 _aH10
090 _a0430 BR8302115
100 1 _aPimentel, C.R.M.
100 1 _aMoreira, J. de A.N.
100 1 _aBarreiro Neto, M.
100 1 _aCrisostomo, J.R.
100 1 _aBraga Sobrinho, R.
110 1 _aCentro Nacional de Pesquisa do Algodao, Campina Grande, PB (Brasil)
_91702
245 1 _aBicudo (Anthonomus grandis Boheman): uma grave ameaca a cotonicultura nordestina [Gossypium hirsutum, Brasil]
260 3 _aCampina Grande, PB (Brasil):
_c1983.
300 _a14 p.
490 _aDocumentos - Centro Nacional de Pesquisa do Algodao (Brazil)
_vno. 24
_x
650 _aALGODAO
650 _aBICUDO
650 _aREGIAO NORDESTE
909 _a202312
_bLúcia Elande
_c55
_dLúcia Elande
942 _2AGRIS
_n0
_cMS
999 _c275945
_d275945